When It Rains it Pours Lyrics - Luke Combs - Statistics

General Stats
  • This quiz has been taken 123 times
  • The average score is 302 of 395
Answer Stats
Answer % Correct
i
99%
whe
99%
a
98%
it
96%
she
96%
the
96%
when
96%
and
95%
of
95%
on
94%
ticket
93%
up
92%
my
91%
was
90%
gas
89%
tank
89%
won
89%
oh
88%
pours
88%
rains
88%
to
88%
be
86%
bought
86%
bucks
86%
time
86%
then
85%
two
85%
with
85%
hundred
84%
in
84%
woke
83%
bitchin'
82%
scratch-off
82%
had
81%
morning
81%
Sunday
81%
that
81%
three
81%
call
80%
gone
80%
packs
80%
twelve
80%
fightin'
79%
day
78%
four
78%
moanin'
78%
night
78%
beach
77%
by
77%
for
77%
good
77%
tuesday
77%
as
76%
man
76%
vacation
76%
'bout
75%
five
75%
number
75%
waste
75%
wrong
75%
but
74%
mother
74%
see
74%
station
74%
you
74%
all
73%
could
73%
down
73%
future
73%
girl
73%
law
73%
radio
73%
ex
72%
mad
72%
say
72%
anymore
71%
fishing
71%
got
71%
me
71%
around
70%
came
70%
deep
69%
lord
69%
panama
69%
sea
69%
thursday
69%
alone
68%
so
68%
went
68%
ended
67%
were
67%
clear
66%
mind
66%
swore
66%
they
66%
about
63%
i65
63%
shell
63%
caller
61%
gotta
60%
ain't
59%
golf
59%
her
59%
round
59%
lot
56%
señorita
55%
buddies
53%
hooters
53%
parking
53%
heard
52%
heart
52%
play
51%
first
50%
picked
50%
apologize
49%
check
49%
gave
48%
left
48%
quick
48%
ring
48%
waitress
47%
real
46%
last
45%
sure
45%
what
45%
free
44%
grace
44%
raffle
44%
ride
44%
how
43%
it's
43%
luck
43%
saving
43%
gonna
42%
just
42%
newfound
42%
now
42%
passes
42%
at
41%
come
41%
crazy
41%
death
41%
spot
41%
thought
41%
club
40%
fm
40%
moose
39%
seems
39%
dial
38%
lately
38%
thinking
38%
waves
36%
only
35%
used
35%
logical
34%
spent
34%
4-wheeler
33%
leaving
33%
reason
32%
out
29%
one
28%
walked
27%
hell
26%
i've
26%
redneck
26%
been
25%
started
24%
weeks
24%
well
24%
roll
22%
No matching quizzes found
Score Distribution
Percent of People with Each Score
Percentile by Number Answered
Your Score History
You have not taken this quiz